| 000 | 00542nam a22001817a 4500 | ||
|---|---|---|---|
| 005 | 20171016112210.0 | ||
| 010 | _a1718EN-30 | ||
| 020 |
_a9781137612038 _c545.00 |
||
| 037 |
_bAtlantic _adpl |
||
| 100 | _aRobbines, Ruth | ||
| 245 |
_aLiterary feminisms _cby Ruth Robbins |
||
| 260 |
_aNew York _bPalgrave Macmillan _c2017 |
||
| 270 |
_a175, Fifth Avaenue, _bNew York _eNY-10010 |
||
| 300 | v |
_axii,290p. _c21cm(pbk) |
|
| 500 | _aIncludes bibliographical and index | ||
| 942 |
_2ddc _cEN _mROB |
||
| 999 |
_c145072 _d145072 |
||